Quiz Général Musique Metal - 1 - Statistiques

Statistiques générales
  • Ce quiz a été pris 373 fois
  • Le résultat moyen est 8 sur 18
Statistiques - réponses
Hint Réponse % Correct
1970, album " Paranoid " : nom du groupe ? Black Sabbath
93%
Morceau "Killing in the Name" : quel groupe ? Rage against the machine
85%
1983, album " Kill'em all " : nom du groupe ? Metallica
83%
Ville proche de Nantes accueillant le plus grand festival de metal français Clisson
69%
Groupe de death metal originaire de Tampa (Floride) (puis New York) : Cannibal... ? Corpse
68%
Run to the... ? Hills (Iron Maiden)
62%
Genre de metal joué par le groupe Dream Theater progressif
51%
Joe et Mario ... ? Duplantier (Gojira)
50%
Prénom et nom du chanteur de Pantera ? Phil Anselmo
42%
Max et Igor ... ? Cavalera (Sepultura)
36%
Nom du 4ème album d'Iron Maiden (1983) ? Piece of Mind
31%
Nom complet du chanteur de Heaven & Hell (R.I.P 2010) Ronnie James Dio
28%
2014, album " The Satanist " : nom du groupe ? Behemoth
21%
Ville norvégienne dont sont originaires les groupes de black Burzum, Immortal, Gorgoroth, Taake... Bergen
21%
Hordes of... ? Chaos (Kreator)
19%
En 1989, Jeff Becerra est blessé par balles lors d'un braquage alors qu'il souhaitait acheter des cigarettes. De quel groupe est-ce le chanteur ? Possessed
7%
La musique de la série Vikings est composée est jouée par le groupe... Wardruna
7%
Nom (complet) du projet folk / country de Nergal de Behemoth en collaboration avec le musicien John Porter Me and that man
5%
Aucun quiz correspondant
Distribution des résultats
% des personnes avec chaque résultat
Percentile par nombre de réponses
Votre historique - résultats
Vous n’avez pas pris ce quiz